Homiletika sylabus protojereje Pavla O. Axmana

Bibliographic Details
Main Authors: Axman, Pavel Otakar, 1920-2011 (Author), Aleš, Pavel, 1935- (Author)
Format: Book
Language:Czech
PhysicalDescription:143 strán 21 cm
Published: Olomouc Detašované pracovisko PBF 2003
ISBN:8080682208
Edition:[1. vyd.]
Subjects:

MARC

LEADER 00000cam a2200000 a 4500
001 vtls001479711
003 SK-MaSNL
005 20260301150807.0
008 220509s2003 xr ern p 00000 cze
015 |a SNBA2004/08-04557 
020 |a 8080682208 
035 |a SNK000435009 
035 |a urn:nbn:sk:snk-am3j314 
035 |a 2693C68B-5029-4BAC-A1E8-1F722D029241 
035 |a urn:nbn:sk:snk-am00gh0v 
040 |a SNK  |b slo  |c SNK  |e AACR2 
041 0 |a cze 
044 |a xr  |c CZ  |a xo  |c SK 
072 7 |a 27-46/-48  |x Pastorálna teológia  |2 konspekt 
080 |a 27-475.2=162.3  |2 1997 
080 |a 27-72(075.8)  |2 1997 
080 |a 27-475.2  |2 2011 
080 |a 27-475.5  |2 2011 
080 |a 271.2  |2 2011 
080 |a (075.8)  |2 2011 
100 1 |a Axman, Pavel Otakar,  |d 1920-2011  |4 aut  |9 508531 
245 1 0 |a Homiletika  |b sylabus protojereje Pavla O. Axmana  |c přehlédl a doplnil prof. ThDr. Pavel Aleš 
250 |a [1. vyd.] 
260 |a Olomouc  |b Detašované pracovisko PBF  |c 2003 
300 |a 143 strán  |c 21 cm 
500 |a Podľa ISBN vydala Prešovská univerzita v Prešove 
504 |a Bibliografia na strane 141 
650 0 7 |a homiletika  |2 SNKPH  |9 1812 
650 0 7 |a kázne  |2 SNKPH  |9 1954 
650 0 7 |a pravoslávie  |2 SNKPH  |9 4092 
655 7 |a učebnice vysokých škôl  |2 SNKPH  |9 70191 
700 1 |a Aleš, Pavel,  |d 1935-  |4 aut  |9 36872 
710 2 |a Prešovská univerzita v Prešove  |4 pbl  |9 177485 
919 |a 80-8068-220-8 
958 |a NB 
958 |a NT 
958 |a OND 
999 |c 784649  |d 786579 
952 |a SNK  |b SNK  |y PREZ  |7 0  |p 17A0439374  |o snkSC 116881  |i snkKSP 10510/2004  |0 0  |1 0  |4 0  |d 2004-08-04  |f 1  |l 0  |r 2025-10-16 00:00:00  |w 2026-02-24 
952 |a SNK  |b SNK  |y VYP  |7 0  |p 17A0439373  |o snkSC 116881 D1  |i snkKSP 10511/2004  |0 0  |1 0  |4 0  |d 2004-08-04  |l 0  |r 2005-01-02 00:00:00  |w 2026-02-24 
952 |t snkHOM 28  |a SNKUST  |b SNKUST  |y PREZ  |7 0  |p 17A0439372  |o snkSC 116881 D2  |i snkKSP 10512/2004  |0 0  |1 0  |4 0  |d 2004-08-05  |l 0  |r 2025-03-20 00:00:00  |w 2026-02-24